| 000 | 01873cam a22004337a 4500 | ||
|---|---|---|---|
| 003 | CHAP | ||
| 005 | 20220329134540.0 | ||
| 008 | 971013s1950 r 00010 d | ||
| 010 | _a22013 | ||
| 011 | _a22985 | ||
| 035 | _a27080 | ||
| 040 | _cCHAP | ||
| 082 |
_a595.76 _bC65 |
||
| 245 | 0 | _aColeopterorum catalogue supplementa | |
| 260 |
_aGravenhage : _bUitgeverij, _c1950 |
||
| 300 | _av. | ||
| 590 |
_aBATCH-UPD _b10 _c20130110 _lUCH01 _h2153 |
||
| 590 |
_aBATCH-UPD _b10 _c20130410 _lUCH01 _h1502 |
||
| 590 |
_aBATCH-UPD _b10 _c20130914 _lUCH01 _h1007 |
||
| 590 |
_aCONVERSION _b10 _c20130109 _lUCH01 _h1313 |
||
| 650 | 1 | 4 |
_aColeópteros _xCatálogos y colecciones. _925124 |
| 700 | 0 |
_aHincks, W. D. _eed. _955490 |
|
| 901 | _aBK | ||
| 942 | _cLIBRO | ||
| 949 |
_a595.76 C65 _bBC _cBPA _d-151065 _eBPA _fpte. 35 F-2 _h27393 _i27080 _si |
||
| 949 |
_a595.76 C65 _bBC _cBPA _d33724000516191 _eBPA _fpte. 1 _h27387 _i27080 _si |
||
| 949 |
_a595.76 C65 _bBC _cC _d-151067 _eC _fpte. 51 F-3 _h27395 _i27080 _si |
||
| 949 |
_a595.76 C65 _bBC _cC _d33724000496980 _eC _fpte. 144 _h27399 _i27080 _si |
||
| 949 |
_a595.76 C65 _bBC _cC _d33724000497442 _eC _fpte. 8 _h27389 _i27080 _si |
||
| 949 |
_a595.76 C65 _bBC _cC _d33724000515896 _eC _fpte. 9 _h27390 _i27080 _si |
||
| 949 |
_a595.76 C65 _bBC _cC _d33724000515953 _eC _fpte. 35 F-1 _h27392 _i27080 _si |
||
| 949 |
_a595.76 C65 _bBC _cC _d33724000516134 _eC _fpte. 5 _h27388 _i27080 _si |
||
| 949 |
_a595.76 C65 _bBC _cC _d33724000516159 _eC _fpte. 23 _h27391 _i27080 _si |
||
| 949 |
_a595.76 C65 _bBC _cC _d33724000584710 _eC _fpte. 51 F-1 _h27394 _i27080 _si |
||
| 949 |
_a595.76 C65 _bBC _cC _d33724000584728 _eC _fpte. 158, 167 _h27400 _i27080 _si |
||
| 949 |
_a595.76 C65 _bBC _cC _d33724000584769 _eC _fpte. 102 _h27397 _i27080 _si |
||
| 949 |
_a595.76 C65 _bBC _cC _d33724000639514 _eC _fpte. 142 _h27398 _i27080 _si |
||
| 949 |
_a595.76 C65 _bBC _cC _d33724000639548 _eC _fpte. 53 F-10 _h27396 _i27080 _si |
||
| 999 |
_c22013 _d22013 |
||